LEADER 01087nam0 22003013i 450 001 RLZ0324469 005 20231121125650.0 100 $a20200128d1967 ||||0itac50 ba 101 | $aita 102 $ait 181 1$6z01$ai $bxxxe 182 1$6z01$an 200 1 $aSintassi latina$fScevola Mariotti, Gerardo Sani 210 $aFirenze$cLa Nuova Italia$d1967 215 $a618 p.$d22 cm 606 $aLingua latina$xSintassi$2FIR$3RMLC086498$9I 676 $a475$9Lingua latina. Grammatica.$v21 700 1$aMariotti$b, Scevola$f <1920-2000>$3CFIV004742$4070$07822 702 1$aSani$b, Gerardo$3SBLV085362 790 1$aMariotti$b, Scevola$c $3MILV265961$zMariotti, Scevola <1920-2000> 801 3$aIT$bIT-01$c20200128 850 $aIT-FR0017 899 $aBiblioteca umanistica Giorgio Aprea$bFR0017 $eN 912 $aRLZ0324469 950 0$aBiblioteca umanistica Giorgio Aprea$d 52MAG 2/1401$e 52MAG0000054715 VMB RS $fA $h20200128$i20200128 977 $a 52 996 $aSintassi latina$93616923 997 $aUNICAS